| 000 | 02177cam a22004334i 4500 | ||
|---|---|---|---|
| 003 | PE-LiUPU | ||
| 005 | 20250731183444.0 | ||
| 008 | 150513s2013 sp a r 000 0 spa d | ||
| 020 | _a9788415289807 | ||
| 035 | _a(Sirsi) i9788415289807 | ||
| 040 |
_aPL# _b _spa _cPL# _dBNM _dOCLCO _dOCLCF _dPE-LiUPU _erda |
||
| 049 | _aPRUA | ||
| 082 | 0 | 4 |
_a720.1 _bL67 _221 |
| 100 | 1 |
_aLinazasoro, José Ignacio, _d1947- , _eautor. |
|
| 245 | 1 | 3 |
_aLa memoria del orden : _bparadojas del sentido de la arquitectura moderna / _cJosé Ignacio Linazasoro Rodríguez. |
| 264 | 1 |
_aMadrid : _bAbada Editores, _c2013. |
|
| 300 |
_a178 páginas : _bilustraciones ; _c17 centímetros |
||
| 336 |
_atext _2rdacontent |
||
| 337 |
_aunmediated _2rdamedia |
||
| 338 |
_avolume _2rdacarrier |
||
| 490 | 0 |
_aLecturas. Historia del arte y de la arquitectura. _aConfesiones de arquitecto. |
|
| 505 | 0 | _aEl sentido de la arquitectura y la configuración del orden -- La crisis del orden -- Primeras conclusiones sobre la condición moderna -- Primeros relatos modernos -- Adolf Loos y la conciencia de la modernidad -- Le Corbusier: de la vanguardia a la arquitectura con sentido -- La actualización de la memoria -- Monumentalidad y condición moderna -- Del clasicismo a la paradoja de la modernidad -- La inserción de lo moderno en la memoria urbana. | |
| 526 | _aP158 | ||
| 526 | _aP146 | ||
| 526 | _aP17 | ||
| 526 | _aP12 | ||
| 526 | _aP06 | ||
| 541 | _g003-000776; | ||
| 650 |
_aFilosofía de la arquitectura. _94579 |
||
| 650 | 4 | _aArquitectura moderna. | |
| 650 | 4 |
_aArquitectura _xHistoria. |
|
| 650 | 7 |
_aArquitectura _yS.XX. _2embne |
|
| 910 |
_aaas _bjck _caas _d20150513 |
||
| 942 |
_2ddc _cBOOK |
||
| 949 |
_a720.1 L67 _wDEWEY _c1 _i71156 _d2015-11-22 _e2015-11-19 _lCCODEBUL1 _mBUL _n1 _p17.77 _r0 _sY _tBOOK _u2015-5-13 _xINGENIERIA _PP06 _0COMPRA _o.STAFF. Colección General |
||
| 994 |
_aC0 _bPEPRU |
||
| 596 | _a1 | ||
| 999 |
_a720.1 L67 _wDEWEY _c58194 _i71156 _d58194 _e2015-11-19 _f2021-11-9 _g7 _lCCODEBUL1 _mBUL _n1 _p17.77 _r0 _sY _tBOOK _u2015-5-13 _xINGENIERIA _PP06 _0COMPRA _o.STAFF. Colección General |
||
| 980 |
_81 _gALBERTO SANCHEZ Responsable de Automatización |
||